000 00342 a2200157 4500
001 16776
020 _a9788575039205
040 _cAnchieta - Bela Vista
100 _aNdiaye, Marie
240 1 0 _aA diaba e sua filha
_lpor
245 1 0 _aA diaba e sua filha
300 _a40
362 0 _a2011
650 4 _aLiteratura juvenil
942 _cBK
999 _c16776
_d16776